Statistics for Countries Without the Letters A or E

Click here to take the quiz!

General Stats

  • This quiz has been taken 239 times
  • The average score is 4 of 8

Answer Stats

Country% Correct
Fiji
77%
Morocco
69%
Togo
63%
Kosovo
57%
Cyprus
50%
Comoros
47%
Djibouti
46%
Burundi
40%

Score Distribution

Percentile by Number Answered

Percent of People with Each Score

Your Score History

You have not taken this quiz